Statistics for European Countries Ranked by Area

Click here to take the quiz!

General Stats

  • This quiz has been taken 128 times
  • The average score is 42 of 45

Answer Stats

RankSize (km²)HintCountry% Correct
13,972,400RRussia (European side)
100%
2603,628UUkraine
100%
3551,695FFrance
99%
6385,178NNorway
99%
4498,511SSpain
99%
5450,295SSweden
99%
7357,386GGermany
98%
10301,338IItaly
98%
9312,685PPoland
98%
8338,145FFinland
97%
15131,940GGreece
97%
12238,397RRomania
97%
13207,600BBelarus
96%
2564,589LLatvia
96%
2465,300LLithuania
96%
11242,495UUnited Kingdom
96%
3044,493DDenmark
95%
510.44VVatican City
95%
442,586LLuxembourg
94%
4961SSan Marino
94%
2945,339EEstonia
93%
1893,030HHungary
93%
2370,273IIreland
93%
4110,908KKosovo
93%
48160LLiechtenstein
93%
502.02MMonaco
93%
1991,568PPortugal
93%
16110,994BBulgaria
92%
17102,775IIceland
92%
2849,036SSlovakia
92%
46468AAndorra
91%
2083,858AAustria
91%
2751,129BBosnia and Herzegovina
91%
2178,866CCzechia
91%
47316MMalta
91%
3430,510BBelgium
90%
2656,594CCroatia
90%
4013,812MMontenegro
90%
3241,198NNetherlands
90%
2277,453SSerbia
90%
3628,748AAlbania
89%
3725,713NNorth Macedonia
89%
3920,273SSlovenia
89%
3333,846MMoldova
87%
3141,290SSwitzerland
85%

Score Distribution

Percentile by Number Answered

Percent of People with Each Score

Your Score History

You have not taken this quiz